000 00641nam a2200193 a 4500
001 000017820
005 20200929165236.0
008 100406s2006 cu ac 000 0 spa d
020 _a9592104123
040 _aDO-SdBNP
082 _axxx
_bV145s
100 1 _aValdés Saldaña, Jorge Risquet
_d1930-
_938715
245 1 3 _aEl segundo frente del Che en el Congo /
_cJorge Risquet Valdés Saldaña.
260 _aLa Habana :
_bCasa Editorial Abril,
_c2006.
300 _a309 p. :
_bil., retr. ;
_c25 cm.
500 _aIncluye datos biográficos del autor en la contraportada
500 _aIncluye notas al pie de las páginas
049 _aBNPD
999 _c17344
_d17344